[Event "ch-VIE Men Masters"]
[Site "Ho Chi Minh City VIE"]
[Date "2009.12.14"]
[Round "7"]
[White "Pham Duc Thang"]
[Black "Vo Thanh Ninh"]
[Result "1/2-1/2"]
[WhiteElo "2256"]
[BlackElo "2340"]

1.c4 e5 2.g3 Nf6 3.Bg2 d5 4.cxd5 Nxd5 5.Nf3 Nc6 6.O-O Nb6 7.d3 Be7 8.a3 O-O
9.Nbd2 a5 10.b3 Be6 11.Bb2 f6 12.Qc2 Rf7 13.e3 Bf8 14.d4 exd4 15.Nxd4 Nxd4
16.Bxd4 c6 17.Ne4 Nd7 18.Rfd1 Bd5 19.Nc5 Bxg2 20.Kxg2 Nxc5 21.Bxc5 Qc7 22.Rd4 Bxc5
23.Qxc5 Rd8 24.Rad1 Rxd4  1/2-1/2

[Event "London Classic FIDE Open"]
[Site "London ENG"]
[Date "2009.12.14"]
[Round "8"]
[White "Tozer,P"]
[Black "Quillan,G"]
[Result "1/2-1/2"]
[WhiteElo "2106"]
[BlackElo "2394"]

1.c4 e5 2.g3 Nf6 3.Nc3 Bb4 4.Nd5 Nxd5 5.cxd5 O-O 6.Bg2 d6 7.Nf3 f5 8.O-O Nd7
9.Qa4 Bc5 10.d4 Bb6 11.dxe5 dxe5 12.Bg5 Qe8 13.Rad1 Qg6 14.Bd2 e4 15.Nd4 Nf6
16.Bb4 Rd8 17.Ne6 Bxe6 18.dxe6 c6 19.e7 Rxd1 20.Rxd1 Nd5 21.Bh3 Qe6 22.Qb3 Kf7
23.e3 Nxb4 24.Qxb4 Re8 25.Bf1 Qxe7 26.Bc4+ Kf8 27.Qb3 Bc5 28.a4 Bb6 29.Rd2 Ba5
30.Rd4 Bb6 31.Rd2 Rd8 32.Rxd8+ Bxd8 33.Bg8 g6 34.Be6 a6 35.Bc8 b6 36.Qc3 Qf6
37.Bxa6 Qxc3 38.bxc3 Ke7 39.Kf1 Kd6 40.Bc8 Bf6 41.c4  1/2-1/2

[Event "16th Open B"]
[Site "Zadar CRO"]
[Date "2009.12.14"]
[Round "3"]
[White "Mihalj,M"]
[Black "Franciskovic,V"]
[Result "1/2-1/2"]
[WhiteElo "2278"]
[BlackElo "2108"]

1.c4 e5 2.g3 Nf6 3.Bg2 d5 4.cxd5 Nxd5 5.Nc3 Nb6 6.Nf3 Nc6 7.O-O Be7 8.d3 g5
9.e4 g4 10.Ne1 h5 11.Nc2 Be6 12.Be3 Nd4 13.Bxd4 exd4 14.Ne2  1/2-1/2

[Event "London Classic FIDE Open"]
[Site "London ENG"]
[Date "2009.12.15"]
[Round "9"]
[White "Chapman,T"]
[Black "Player,E"]
[Result "1/2-1/2"]
[WhiteElo "2222"]
[BlackElo "2149"]

1.c4 e5 2.g3 Nc6 3.Bg2 g6 4.Nc3 Bg7 5.Rb1 d6 6.b4 Nf6 7.d3 O-O 8.b5 Nd4 9.e3 Ne6
10.Nge2 Nc5 11.O-O Re8 12.Qc2 Bd7 13.Nd5  1/2-1/2

[Event "London Classic FIDE Open"]
[Site "London ENG"]
[Date "2009.12.15"]
[Round "9"]
[White "Collyer,C"]
[Black "Slavin,A"]
[Result "1-0"]
[WhiteElo "2294"]
[BlackElo "2392"]

1.c4 e5 2.g3 Nf6 3.Bg2 d5 4.cxd5 Nxd5 5.Nf3 Nc6 6.O-O Be7 7.d4 exd4 8.Nxd4 Nxd4
9.Qxd4 Nf6 10.Qa4+ c6 11.Rd1 Qb6 12.Be3 Bc5 13.Bxc5 Qxc5 14.b4 Qb6 15.Na3 O-O
16.Nc4 Qc7 17.Qa5 Qe7 18.Nb6 Rb8 19.Qxa7 Bg4 20.h3 Bf5 21.Qa5 Qe6 22.Kh2 Ne4
23.Nd7 h5 24.Nxf8 Rxf8 25.Rd8 g6 26.Rxf8+ Kxf8 27.Qd8+ Kg7 28.Qd4+ f6 29.Bxe4 Bxe4
30.Rd1 Bf5 31.e4 Bxh3 32.Qd6 h4 33.Qxe6 Bxe6 34.gxh4 Kf7 35.a3 g5 36.hxg5 fxg5
37.Kg3 Kf6 38.f4 gxf4+ 39.Kxf4 Bh3 40.Rh1 Be6 41.Rh6+  1-0

[Event "London Classic FIDE Open"]
[Site "London ENG"]
[Date "2009.12.15"]
[Round "9"]
[White "Cox,JohnJ"]
[Black "Lenier,J"]
[Result "1-0"]
[WhiteElo "2377"]
[BlackElo "1828"]

1.c4 e5 2.g3 Nf6 3.Bg2 d5 4.cxd5 Nxd5 5.Nc3 Be6 6.Nf3 Nc6 7.O-O Be7 8.d4 Bf6
9.dxe5 Nxc3 10.bxc3 Nxe5 11.Nxe5 Bxe5 12.Bxb7 Bxc3 13.Ba3 Qxd1 14.Raxd1 Rd8
15.Rxd8+ Kxd8 16.Rd1+  1-0

[Event "ch-VIE Men Masters"]
[Site "Ho Chi Minh City VIE"]
[Date "2009.12.16"]
[Round "9"]
[White "Vo Thanh Ninh"]
[Black "Doan Van Duc"]
[Result "1/2-1/2"]
[WhiteElo "2340"]
[BlackElo "2084"]

1.c4 e5 2.g3 Nc6 3.Bg2 Nf6 4.Nc3 Bc5 5.e3 d6 6.Nge2 Bf5 7.d4 exd4 8.exd4 Bb6
9.O-O O-O 10.h3 Re8 11.a3 Qd7 12.Kh2 Nd8 13.Bg5 Ne4 14.Be3 Nxc3 15.Nxc3  1/2-1/2

[Event "Tata Steel TCh-Asia w"]
[Site "Kolkata IND"]
[Date "2009.12.24"]
[Round "3"]
[White "Hoang Thi Nhu Y"]
[Black "Soumya,Sw"]
[Result "1-0"]
[WhiteElo "2150"]
[BlackElo "2303"]

1.c4 e5 2.g3 Nf6 3.Bg2 d5 4.cxd5 Nxd5 5.d3 Be7 6.Nf3 Nc6 7.O-O O-O 8.Nc3 Nb6
9.a3 Be6 10.Be3 f5 11.Rc1 Bf6 12.Na4 Bd5 13.Nc5 Rb8 14.b4 a6 15.Qc2 Rf7 16.Qd2 h6
17.Ne1 g5 18.f4 exf4 19.gxf4 g4 20.Bf2 Nd4 21.e4 fxe4 22.dxe4 Bc4 23.Ned3 Nb3
24.Nxb3 Qxd3 25.Qxd3 Bxd3 26.Rfd1 Bc4 27.Na5 Be2 28.Rd2 Bf3 29.Bxf3 gxf3
30.e5 Bg7 31.Be3 h5 32.Rcd1 Bh6 33.Rd8+ Rxd8 34.Rxd8+ Kg7 35.Rd4 c6 36.Kf2 Nd5
37.Kxf3 Kg6 38.e6 Rf8 39.Nxb7 Kf6 40.Re4 Rb8 41.Bd4+ Ke7 42.Bc5+ Kf6 43.e7 Re8
44.Bd4+ Kg6 45.f5+ Kg5 46.Nd6  1-0

[Event "26th Open"]
[Site "Boeblingen GER"]
[Date "2009.12.28"]
[Round "4"]
[White "Pfrommer,C"]
[Black "Mutschnik,I"]
[Result "1/2-1/2"]
[WhiteElo "2327"]
[BlackElo "2439"]

1.c4 e5 2.g3 Nc6 3.Nc3 g6 4.Bg2 Bg7 5.Rb1 d6 6.d3 Be6 7.Nf3 h6 8.b4 Qd7 9.b5 Nce7
10.Nd2 Qc8 11.Nd5 Nf6 12.Nxf6+ Bxf6 13.a4 Bh3 14.Bxh3 Qxh3 15.e3 Qg2 16.Qf3 Qxf3
17.Nxf3 a6 18.b6 c6 19.O-O Bg7 20.Bb2 O-O-O 21.Rfd1 f6 22.Ba3 h5 23.Kg2 Bh6
24.h3 Kd7 25.Bb2 Ke6 26.d4 Kf7  1/2-1/2

[Event "26th Open"]
[Site "Boeblingen GER"]
[Date "2009.12.30"]
[Round "8"]
[White "Pfrommer,C"]
[Black "Schmidt,Ral"]
[Result "1-0"]
[WhiteElo "2327"]
[BlackElo "2162"]

1.c4 e5 2.g3 Nf6 3.Bg2 d5 4.cxd5 Nxd5 5.Nc3 Nb6 6.Nf3 Nc6 7.a3 Be7 8.O-O g5
9.b4 g4 10.Ne1 Be6 11.Rb1 f5 12.Nd3 Nc4 13.Nc5 Bxc5 14.bxc5 Qd7 15.Rxb7 e4
16.d3 O-O-O 17.Rb1 Qd4 18.Qa4 Qxc3 19.Qxc6  1-0

[Event "Schachtuerken-Cup A"]
[Site "Paderborn GER"]
[Date "2009.12.30"]
[Round "7"]
[White "Hess,C1"]
[Black "Boidman,Y"]
[Result "1/2-1/2"]
[WhiteElo "2250"]
[BlackElo "2393"]

1.c4 e5 2.g3 Nc6 3.Bg2 g6 4.Nc3 Bg7 5.e3 Nge7 6.Nge2 O-O 7.O-O d6 8.d3 Be6
9.Nd5 Qd7 10.Nxe7+ Qxe7 11.Nc3 Qd7 12.Qa4 Bh3 13.Nd5 Bxg2 14.Kxg2 f5 15.Bd2 g5
16.f4 h6 17.Rae1 Qf7 18.b4 Kh7 19.b5 Nd8 20.b6 Ne6 21.bxc7 Nxc7 22.Nxc7 Qxc7
23.Bb4 Rf7 24.Rf2 b6 25.fxg5 hxg5 26.Qd1 Kg6 27.Ref1 Qc6+ 28.e4 Raf8 29.Qe2 f4
30.Qg4 Qd7 31.Qxd7 Rxd7 32.h4 Bh6 33.hxg5 Bxg5 34.gxf4 exf4  1/2-1/2

[Event "Meister Open"]
[Site "Basel SUI"]
[Date "2010.01.02"]
[Round "2"]
[White "Wirthensohn,H"]
[Black "Pfau,Mi"]
[Result "1-0"]
[WhiteElo "2392"]
[BlackElo "2010"]

1.c4 e5 2.g3 Nf6 3.Bg2 c6 4.d4 d6 5.Nc3 Be7 6.e4 O-O 7.Nge2 Be6 8.b3 Qc8
9.h3 Rd8 10.d5 Bd7 11.Be3 Ne8 12.Qd2 Na6 13.Rc1 c5 14.g4 g6 15.O-O h5 16.f3 Ng7
17.Kh2 Kh7 18.Ng3 Rg8 19.gxh5 Nxh5 20.Nxh5 gxh5 21.f4 Bf6 22.Qe2 Rg7 23.Qxh5+ Kg8
24.f5 Rh7 25.Qe2 Kh8 26.Bf3 Qd8 27.Rg1 Nc7 28.Rg2 Qe7 29.Rcg1 a6 30.Nd1 Rf8
31.Nf2 Ne8 32.Qd2 Bg7 33.Ng4 Bxf5 34.exf5 e4 35.Bd1 Qh4 36.Rg3 Nf6 37.Nxf6 Qxf6
38.Qf2 Re8 39.Bc2 Re5 40.Rg5 Re8 41.R5g4 Qe5+ 42.Qg3 Qb2 43.Rg2 Be5 44.Bf4 Bxf4
45.Qxf4 Qc3 46.Rh4 Qe5 47.Qxe5+ Rxe5 48.Rxe4  1-0

[Event "22nd Open"]
[Site "Staufer GER"]
[Date "2010.01.02"]
[Round "2"]
[White "Turner,R"]
[Black "Epishin,V"]
[Result "0-1"]
[WhiteElo "2099"]
[BlackElo "2607"]

1.c4 e5 2.g3 Bc5 3.Nc3 d6 4.Bg2 Ne7 5.e3 O-O 6.Nge2 a6 7.a3 Ba7 8.O-O c6
9.b4 Be6 10.d3 Qd7 11.Bb2 Bh3 12.Ne4 Bxg2 13.Kxg2 Qe6 14.Nd2 Nd7 15.e4 f5
16.f3 Be3 17.Qc2 Rf6 18.d4 Raf8 19.d5 Qf7 20.Nb3 cxd5 21.exd5 f4 22.g4 Rg6
23.h3 h5 24.Ng1 Nf6 25.Nd2 hxg4 26.fxg4 Nxg4  0-1

[Event "ch-NZL"]
[Site "Auckland NZL"]
[Date "2010.01.03"]
[Round "2"]
[White "Watson,B"]
[Black "Steffenello,L"]
[Result "1/2-1/2"]
[WhiteElo "2270"]
[BlackElo "2184"]

1.c4 e5 2.g3 f5 3.d4 e4 4.Nc3 Nf6 5.Bg5 Be7 6.f3 Nc6 7.Bg2 d6 8.Nh3 O-O 9.O-O Qe8
10.Nf4 h6 11.Bxf6 Bxf6 12.e3 exf3 13.Qxf3 Ne7 14.Rae1 c6 15.Nh5 Qf7 16.Nxf6+ Qxf6
17.d5 c5 18.e4 Qd4+ 19.Qf2 Qxf2+ 20.Rxf2 Bd7 21.Bh3 Rad8 22.e5 dxe5 23.Rxe5 Ng6
24.Re1 f4 25.Be6+ Bxe6 26.dxe6 fxg3 27.hxg3 Rxf2 28.Kxf2 Rf8+ 29.Kg2 Re8
30.Nb5 Re7 31.Nd6 Nf8 32.Nxb7 Rxe6 33.Rxe6 Nxe6 34.Kf3 h5 35.Ke4 Kf7 36.Ke5 Ke7
37.Kf5 g5 38.a3 Kd7 39.b4 cxb4 40.axb4 Ke7 41.Na5 Kd7  1/2-1/2

[Event "ch-AUS"]
[Site "Sydney AUS"]
[Date "2010.01.03"]
[Round "2"]
[White "Schon,E"]
[Black "Wallis,C"]
[Result "1/2-1/2"]
[WhiteElo "2167"]
[BlackElo "2246"]

1.c4 e5 2.g3 Nf6 3.Bg2 c6 4.d4 exd4 5.Qxd4 d5 6.Nf3 Be7 7.cxd5 cxd5 8.O-O Nc6
9.Qa4 Qb6 10.Nc3 O-O 11.Qb5 d4 12.Qxb6 axb6 13.Nb5 Rd8 14.Rd1 Bc5 15.Bg5 Be6
16.b4 Bxb4 17.Nfxd4 Nxd4 18.Nxd4 Rxa2 19.Nxe6 Rxd1+ 20.Rxd1 fxe6 21.Bxf6 gxf6
22.e3 Rd2 23.Rb1 Bc5  1/2-1/2

[Event "22nd Open"]
[Site "Staufer GER"]
[Date "2010.01.05"]
[Round "9"]
[White "Jurek,J"]
[Black "Rau,H"]
[Result "1-0"]
[WhiteElo "2343"]
[BlackElo "2466"]

1.c4 e5 2.g3 Nf6 3.Bg2 d5 4.cxd5 Nxd5 5.Nc3 Nb6 6.Nf3 Nc6 7.O-O Be7 8.d3 O-O
9.Be3 Kh8 10.Qc1 f6 11.Rd1 Nd4 12.Bxd4 exd4 13.Nb5 c5 14.b4 cxb4 15.Qc7 a6
16.Qxd8 Rxd8 17.Nbxd4 Nd5 18.Rd2 Bg4 19.h3 Bh5 20.Ne6 Rd7 21.Nfd4 Rc8 22.Nf5 Bf8
23.Bxd5 Rxd5 24.e4 Rd7 25.d4 g6 26.Nxf8 Rxf8 27.Nh4 g5 28.Nf5 Bg6 29.g4 Bxf5
30.gxf5 Rc8 31.f3 Kg7 32.Kf2 a5 33.Rad1 b5 34.Ke3 Rc5 35.Rd3 Rc2 36.R1d2 Rc1
37.Rd1 Rxd1 38.Rxd1 Rc7 39.e5 a4 40.e6 Kf8 41.d5 Rc3+ 42.Kf2 Rc2+ 43.Kg3 Rc8
44.d6 Ra8 45.Rb1 b3 46.axb3 a3 47.b4 a2 48.Ra1 Ra6 49.d7 Ke7 50.Kg4 Ra4 51.Kh5 Rxb4
52.Kh6 Ra4 53.Rc1 a1=Q 54.Rc8 Rd4 55.Re8+ Kd6 56.d8=Q+ Ke5 57.Qb8+ Kxf5 58.Qxb5+ Kf4
59.e7 f5 60.Rf8 Rd6+ 61.Kxh7 Qa7 62.Qxf5+ Kg3 63.Qe5+  1-0

[Event "39th Rilton Cup"]
[Site "Stockholm SWE"]
[Date "2010.01.05"]
[Round "9"]
[White "Niemi,M"]
[Black "Richter,Mic"]
[Result "0-1"]
[WhiteElo "2219"]
[BlackElo "2412"]

1.c4 e5 2.g3 Nf6 3.Bg2 c6 4.d4 e4 5.Nc3 d5 6.cxd5 cxd5 7.Bg5 Bb4 8.Rc1 O-O
9.e3 Nbd7 10.Ne2 h6 11.Bxf6 Nxf6 12.O-O Bg4 13.h3 Bxc3 14.Rxc3 Bf3 15.Bxf3 exf3
16.Nf4 g5 17.Nd3 Ne4 18.Rc2 Rc8 19.Rxc8 Qxc8 20.Re1 Qxh3 21.Qxf3 Rc8 22.Rc1 Rxc1+
23.Nxc1 g4 24.Qg2 Qh5 25.Nd3 Qf5 26.Nf4 Nd2 27.Qxd5 Qb1+ 28.Kg2 Qf1+  0-1

[Event "ch-AUS"]
[Site "Sydney AUS"]
[Date "2010.01.06"]
[Round "4"]
[White "Wohl,A"]
[Black "Wallis,C"]
[Result "1-0"]
[WhiteElo "2458"]
[BlackElo "2246"]

1.c4 e5 2.g3 Nf6 3.Bg2 c6 4.d4 exd4 5.Nf3 Bb4+ 6.Nbd2 d3 7.exd3 O-O 8.O-O d5
9.a3 Be7 10.Re1 Bf5 11.Ne5 Nbd7 12.d4 Re8 13.cxd5 Nxd5 14.Ndf3 N7b6 15.Bd2 a5
16.Rc1 a4 17.h3 Qc8 18.g4 Be6 19.Nh2 Bd6 20.Nf1 f6 21.Nd3 Qd7 22.Qf3 Qf7
23.Ng3 Nc7 24.Ne4 Bf8 25.Nf4 Bb3 26.g5 f5 27.g6 hxg6 28.Ng5 Qf6 29.Qg3 Be7
30.Rxe7 Qxe7 31.Qh4 Qf6 32.Qh7+ Kf8 33.Nxg6+  1-0

[Event "ch-AUS"]
[Site "Sydney AUS"]
[Date "2010.01.06"]
[Round "4"]
[White "Atzmon Simon,B"]
[Black "Levi,Ed"]
[Result "0-1"]
[WhiteElo "2182"]
[BlackElo "2271"]

1.c4 e5 2.g3 Nf6 3.Bg2 Nc6 4.Nc3 Bb4 5.Nd5 Bc5 6.d3 O-O 7.Nf3 h6 8.a3 a5
9.b3 Nd4 10.e3 Nxf3+ 11.Qxf3 Nxd5 12.Qxd5 Qe7 13.O-O d6 14.Qf3 c6 15.Bb2 Qg5
16.h3 Bb6 17.Rad1 Bf5 18.e4 Be6 19.d4 f5 20.Kh2 Rae8 21.d5 fxe4 22.Qxe4 cxd5
23.Qe2 e4 24.cxd5 Bf5 25.Bc1 Qf6 26.Qb5 Qd8 27.Rde1 Re7 28.Be3 Bxe3 29.Rxe3 Ref7
30.Kg1 Qc7 31.g4 Bd7 32.Qc4 Qb6 33.Qxe4 Bb5 34.Rd1 Rxf2 35.Qd4 Qd8 36.Be4 Qh4
37.Bf5 R8xf5 38.gxf5 Rf1+ 39.Rxf1 Qxd4 40.Rf3 Qxd5 41.Rc3 Qd1+ 42.Kf2 Qf1+
43.Kg3 Qg1+ 44.Kf4 Qg5+ 45.Ke4 Bc6+ 46.Rxc6 bxc6 47.a4 d5+ 48.Kd4 Qg1+ 49.Ke5 Kf7
50.Kd6 d4 51.Rd3 Qe3  0-1

[Event "Open"]
[Site "Prague CZE"]
[Date "2010.01.11"]
[Round "4"]
[White "Kanovsky,D"]
[Black "Zvara,P"]
[Result "1-0"]
[WhiteElo "2471"]
[BlackElo "2419"]

1.c4 e5 2.g3 Nc6 3.Nc3 d6 4.Bg2 Be6 5.d3 Qd7 6.Rb1 g6 7.b4 Bg7 8.b5 Nd8 9.Nf3 Bh3
10.Bxh3 Qxh3 11.Qa4 Qd7 12.Nd5 f5 13.O-O Nf6 14.Bg5 O-O 15.Bxf6 Bxf6 16.c5 Ne6
17.c6 bxc6 18.bxc6 Qf7 19.Qc4 Kh8 20.Rb7 Bd8 21.Rfb1 g5 22.Nd2 Qh5 23.e3 g4
24.d4 exd4 25.Nf4 Nxf4 26.exf4 Qf7 27.Qxd4+ Bf6 28.Qd3 Bg7 29.R1b5 Rae8 30.Nf1 a6
31.Rd5 Re7 32.Ne3 Qe8 33.Rb1 Qxc6 34.Nxf5 Ref7 35.Ne3 Qc3 36.Qxa6 Re7 37.Rb3 Qc1+
38.Kg2 Rfe8 39.Qd3 Qc6 40.Nxg4 Re4 41.Kh3 Qd7 42.f3 Re2 43.Rh5 h6 44.Rbb5 Rxa2
45.Qg6 c5 46.Rb7 Qxb7 47.Qxe8+ Kh7 48.f5 Qxf3 49.Nf6+ Bxf6 50.Qg6+  1-0

[Event "ch-AUS"]
[Site "Sydney AUS"]
[Date "2010.01.13"]
[Round "11"]
[White "Atzmon Simon,B"]
[Black "Brown,An"]
[Result "0-1"]
[WhiteElo "2182"]
[BlackElo "2144"]

1.c4 e5 2.g3 c5 3.Bg2 g6 4.Nc3 Bg7 5.e3 Nc6 6.Nge2 Nge7 7.O-O O-O 8.b3 d6
9.Bb2 Be6 10.Ne4 f5 11.Ng5 Bc8 12.d4 h6 13.Nf3 cxd4 14.exd4 e4 15.Ne1 d5
16.Nc2 g5 17.f4 g4 18.Qd2 h5 19.Ne3 Rf6 20.Rac1 b6 21.Rfd1 Rh6 22.b4 a6 23.a4 b5
24.axb5 axb5 25.cxb5 Nb8 26.Ra1 Rxa1 27.Rxa1 h4 28.Ra7 Bf8 29.Qc2 Bd7 30.Nc3 Qb6
31.Ra5 hxg3 32.hxg3 Qb7 33.Bf1 Qc8 34.Ncxd5 Qe8 35.Nxe7+ Bxe7 36.Bc4+ Kf8
37.Ra8 Rh3 38.Qg2 Bxb5 39.Ra5 Bxc4 40.Rxf5+ Bf7 41.Nxg4 Rh7 42.b5 e3 43.Nxe3 Bf6
44.Kf2 Nd7 45.Ng4 Qe6 46.Nxf6 Nxf6 47.Qa8+ Be8 48.Ba3+ Kg7 49.Rxf6 Kxf6 50.Qd8+ Kf5
51.g4+ Kxf4 52.Bc1+ Ke4 53.Qa8+ Kxd4 54.Qa4+ Qc4 55.Be3+ Kd5 56.Qa8+ Kd6
57.Qxe8 Qc2+ 58.Kf3 Qd1+ 59.Kg3 Qe1+ 60.Kf3 Qf1+ 61.Bf2 Rh3+ 62.Kf4 Qxf2+
63.Kg5 Qh4+ 64.Kf4 Qf2+ 65.Kg5 Qd2+ 66.Kf5 Qd5+ 67.Kg6 Qe6+ 68.Qxe6+ Kxe6
69.g5 Rb3 70.Kh7 Kf5 71.g6 Rh3+ 72.Kg7 Rg3  0-1

[Event "8th Parsvnath Open"]
[Site "New Delhi IND"]
[Date "2010.01.16"]
[Round "4"]
[White "Shivananda,B"]
[Black "Mehar,C"]
[Result "1/2-1/2"]
[WhiteElo "2396"]
[BlackElo "2258"]

1.c4 e5 2.g3 Nf6 3.Bg2 Nc6 4.Nc3 Bb4 5.Nf3 O-O 6.O-O d6 7.d3 Bxc3 8.bxc3 e4
9.Nd4 Ne5 10.dxe4 Nxc4 11.Rb1 Nb6 12.Qc2 Bd7 13.c4 Re8 14.f3 Re5 15.Ba3 Ra5
16.Bb4 Ra4 17.c5 dxc5 18.Qxc5 Rxa2 19.Rfc1 c6 20.Ba5 Bc8 21.Bxb6 axb6 22.Qxb6 Qxb6
23.Rxb6 Rd2 24.Rb4 Nd7 25.Nf5 Kf8 26.Bf1 g6 27.Ne3 Ne5 28.f4  1/2-1/2

[Event "GMA"]
[Site "Marianske Lazne CZE"]
[Date "2010.01.20"]
[Round "6"]
[White "Danielsen,Hen"]
[Black "Simacek,P"]
[Result "1-0"]
[WhiteElo "2495"]
[BlackElo "2513"]

1.g3 e5 2.c4 Nf6 3.Bg2 d5 4.cxd5 Nxd5 5.Nf3 Nc6 6.O-O Nb6 7.d3 Be7 8.Nbd2 O-O
9.b3 Re8 10.Bb2 Bf8 11.Rc1 f6 12.Re1 a5 13.a3 Be6 14.Qc2 Qd7 15.e3 Rad8 16.Bf1 Bg4
17.Be2 Qf7 18.Nc4 Nxc4 19.bxc4 Qh5 20.Kg2 Bc5 21.Ng1 Bxe2 22.Nxe2 f5 23.Nc3 f4
24.Qd1 Qf5 25.Ne4 Ba7 26.c5 Re6 27.Qb3 f3+ 28.Kh1 a4 29.Qa2 Kh8 30.g4 Qxg4
31.Rg1 Qf5 32.Rg5 Qf7 33.Bxe5 Rf6 34.Bxf6 Qxa2 35.Rxg7 Rf8 36.Rcg1 Rxf6 37.Nxf6  1-0

[Event "8th Parsvnath Open"]
[Site "New Delhi IND"]
[Date "2010.01.21"]
[Round "10"]
[White "Sangma,R"]
[Black "Mehar,C"]
[Result "1/2-1/2"]
[WhiteElo "2387"]
[BlackElo "2258"]

1.c4 e5 2.g3 Nf6 3.Bg2 Nc6 4.Nc3 Bb4 5.Nf3 O-O 6.O-O d6 7.Nd5 Bc5 8.e3 Bg4
9.h3 Bxf3 10.Bxf3 Re8 11.d3 Rb8 12.a3 Nxd5 13.Bxd5 Ne7 14.Bg2 c6 15.b4 Bb6
16.Bb2 Bc7 17.d4 d5 18.cxd5 Nxd5 19.dxe5 Bxe5 20.Bxd5 cxd5 21.Bxe5 Rxe5 22.Qd4 Rh5
23.Qg4 Rh6 24.Rfd1 a6 25.Rd4 Rd6 26.Rad1 Rc8 27.e4 Rc2 28.Rxd5 Qf6 29.Qf4 Qxf4
30.gxf4 Rxd5 31.Rxd5 g6 32.Rd3 Rc4 33.Re3 f5 34.f3 Rc2 35.Rd3 Ra2 36.Rd5 Kf7
37.Rd7+ Ke6 38.Rxb7 Rxa3 39.Kg2 h5 40.Rb6+ Kf7 41.exf5 gxf5 42.Kg3 a5 43.bxa5 Rxa5
44.Kh4 Ra3 45.Rb7+ Kg6 46.Rb6+ Kf7 47.Kg5 Rxf3 48.Rb7+ Ke6 49.Rb6+ Kf7 50.h4 Rg3+
51.Kxf5 Rg4 52.Rb7+ Kf8 53.Rb8+ Kf7 54.Rb7+ Kf8 55.Rb4 Kf7 56.Ke5 Rxh4 57.Rb7+ Kf8
58.f5 Ra4 59.Kf6 Ra6+ 60.Kg5 h4 61.Kxh4 Rh6+ 62.Kg5 Ra6 63.Rh7 Rb6 64.Rh8+ Kf7
65.Ra8 Rc6 66.Ra5 Rb6 67.Ra7+ Kf8 68.Kf4 Rc6 69.Rd7 Rb6 70.Ke5 Ra6 71.Rd5 Kf7
72.Kf4 Kf6  1/2-1/2

[Event "IMB3"]
[Site "Marianske Lazne CZE"]
[Date "2010.01.22"]
[Round "8"]
[White "Steiner,B"]
[Black "Hantak,A"]
[Result "0-1"]
[WhiteElo "2180"]
[BlackElo "2195"]

1.c4 e5 2.g3 Nf6 3.Bg2 Nc6 4.Nc3 Bb4 5.Nd5 O-O 6.Nf3 d6 7.O-O h6 8.d3 Be6
9.a3 Bc5 10.b4 Bb6 11.Nd2 Bxd5 12.cxd5 Ne7 13.Qb3 c6 14.dxc6 bxc6 15.Bb2 Rb8
16.Rac1 Qd7 17.Nc4 a5 18.Bxe5 dxe5 19.Nxe5 Qf5 20.Nxc6 Nxc6 21.Bxc6 axb4
22.axb4 Ng4 23.e3 Qh5 24.h4 Nxe3 25.fxe3 Bxe3+ 26.Kh2 Qe2+ 27.Kh3 Bxc1 28.Rxc1 Rfd8
29.Be4 Rdc8 30.Rxc8+ Rxc8 31.b5 h5 32.Qd5 Qg4+ 33.Kh2 Qe2+ 34.Bg2 Qf2 35.Qxh5 Rc5
36.Qg4 Rxb5 37.Qe4 Rb6 38.Kh3 Rg6 39.Qe8+ Kh7 40.Qe5 Re6 41.Be4+ g6 42.Qd5 Qf1+
43.Kh2 Qe2+ 44.Kh3 Rf6 45.Bg2 Rf5 46.Kh2 Rxd5  0-1

[Event "8th Parsvnath Open"]
[Site "New Delhi IND"]
[Date "2010.01.22"]
[Round "11"]
[White "Koshy,V"]
[Black "Sachdev,T"]
[Result "1-0"]
[WhiteElo "2281"]
[BlackElo "2398"]

1.c4 e5 2.g3 c6 3.Nf3 e4 4.Nd4 d5 5.cxd5 cxd5 6.d3 Nf6 7.Bg2 Bc5 8.Nb3 Bb6
9.O-O O-O 10.Nc3 Qe7 11.Bg5 Rd8 12.Qc2 e3 13.d4 exf2+ 14.Rxf2 Be6 15.Raf1 Qb4
16.Bxf6 gxf6 17.e3 Qf8 18.Rxf6 Qg7 19.Nxd5 Bxd5 20.Bxd5 Rxd5 21.Rxf7 Qh6
22.R1f6 Qxe3+ 23.Kg2  1-0

[Event "ch-UKR g18"]
[Site "Kyiv UKR"]
[Date "2010.01.29"]
[Round "5"]
[White "Bulakh,O"]
[Black "Bezkorovaina,M"]
[Result "1-0"]
[WhiteElo "2029"]
[BlackElo "1871"]

1.c4 e5 2.g3 Nc6 3.Bg2 g6 4.Nc3 Bg7 5.d3 f5 6.Nf3 Nge7 7.O-O O-O 8.Bd2 d6
9.a3 a5 10.Rb1 h6 11.b4 axb4 12.axb4 Rb8 13.b5 Nd4 14.Nxd4 exd4 15.Nd5 Be6
16.Nb4 g5 17.Ra1 f4 18.Ra7 Qc8 19.gxf4 gxf4 20.Kh1 Bh3 21.Rg1 Kh8 22.Bf3 Nf5
23.Nd5 Be5 24.Rg6 Kh7 25.Qg1 Nh4 26.Be4 Bf5 27.Rg4 Rg8 28.Rxg8 Bxe4+ 29.dxe4 Qxg8
30.Qxg8+ Rxg8 31.Bxf4  1-0

[Event "2nd Chennai Open"]
[Site "Chennai IND"]
[Date "2010.01.31"]
[Round "8"]
[White "Ghaem Maghami,E"]
[Black "Thakur,Ak"]
[Result "1-0"]
[WhiteElo "2589"]
[BlackElo "2331"]

1.c4 e5 2.g3 Nf6 3.Bg2 d6 4.Nc3 Nbd7 5.Nf3 c6 6.O-O Be7 7.e4 Qc7 8.d4 Nf8
9.Nh4 Bg4 10.f3 Be6 11.d5 cxd5 12.cxd5 Qb6+ 13.Kh1 Bd7 14.Qe2 Bd8 15.f4 Bg4
16.Qb5+ Bd7 17.Qe2 Bg4 18.Bf3 Bh3 19.Re1 Ng6 20.Nf5 O-O 21.Be3 Qc7 22.Nb5 Qd7
23.Nbxd6 exf4 24.gxf4 Nxd5 25.Rad1 Ngxf4 26.Bxf4 Nxf4 27.Qe3 Ng6 28.Nxg7 Bf6
29.Nh5 Qe6 30.Qh6 Be5 31.Rd5 Bg4 32.Bxg4 Qxg4 33.Rxe5 Qf3+ 34.Kg1 Qg4+ 35.Kf2 Nxe5
36.Nf6+  1-0

[Event "Georgi Tringov Mem"]
[Site "Plovdiv BUL"]
[Date "2010.01.31"]
[Round "1"]
[White "Stanojoski,Z"]
[Black "Stoimenov,K"]
[Result "1-0"]
[WhiteElo "2499"]
[BlackElo "1808"]

1.c4 e5 2.g3 g6 3.Bg2 Bg7 4.Nc3 Nc6 5.d3 d6 6.h4 h5 7.Bg5 Nf6 8.e3 Bg4 9.f3 Be6
10.Nd5 Bxd5 11.cxd5 Ne7 12.Qa4+ Qd7 13.Qxd7+ Kxd7 14.Bh3+ Kd8 15.e4 c6 16.dxc6 bxc6
17.Ne2 Rb8 18.O-O-O c5 19.Nc3 Bh6 20.f4 Nd7 21.Bxh6 Rxh6 22.Rhf1 exf4 23.d4 c4
24.Rxf4 Rh7 25.Rdf1 Ke8 26.Bxd7+ Kxd7 27.Rxf7 Rxf7 28.Rxf7 Ke6 29.Rf3 Rg8
30.Ne2 g5 31.hxg5 Rxg5 32.Ra3 a5 33.Ra4 Rg4 34.Rxa5 Rxe4 35.Nf4+ Kd7 36.Rxh5 Rxd4
37.Rh7 Ke8 38.Ne2 Rg4 39.Rh4 Rg6 40.Rxc4 Nf5 41.Rc3 Rg4 42.Rf3  1-0

[Event "ch-ROU w"]
[Site "Baile Olanesti ROU"]
[Date "2010.02.01"]
[Round "2"]
[White "Cirlig,I"]
[Black "Vasilescu,M"]
[Result "0-1"]
[WhiteElo "1579"]
[BlackElo "1780"]

1.c4 e5 2.g3 Nf6 3.Bg2 d5 4.cxd5 Nxd5 5.Nc3 Nb6 6.b3 Be7 7.Bb2 O-O 8.e3 f5
9.Nge2 Bf6 10.d3 Na6 11.O-O c6 12.Qc2 Nb4 13.Qd2 Qxd3 14.Qxd3 Nxd3 15.Ba3 Rd8
16.Rfd1 e4 17.Rd2 Nd5 18.Rc2 b5  0-1

[Event "ch-ROU w"]
[Site "Baile Olanesti ROU"]
[Date "2010.02.02"]
[Round "3"]
[White "Foisor,M"]
[Black "Anton,R"]
[Result "1-0"]
[WhiteElo "2145"]
[BlackElo "1774"]

1.c4 e5 2.g3 g6 3.Bg2 Bg7 4.Nc3 c6 5.d3 d6 6.e4 Be6 7.Nge2 Nd7 8.Be3 Ne7
9.Qd2 h5 10.h3 Nf6 11.Rc1 Qd7 12.Na4 c5 13.Nac3 Nc6 14.Nd5 Qc8 15.a3 Nd4
16.Nxd4 cxd4 17.Bg5 Nd7 18.Qc2 Bxd5 19.cxd5 Qxc2 20.Rxc2 Nc5 21.b4 Na6 22.h4 f5
23.Ke2 Kd7 24.Bh3 Rhf8 25.Rhc1 Rae8 26.f4 Rf7 27.Kf3 Bf8 28.fxe5 dxe5 29.b5 Nc5
30.Rxc5 Bxc5 31.Rxc5 Kd6 32.Rc2 Ref8 33.Bd2 Kd7 34.Bb4 Rg8 35.a4 Kd8 36.a5 Rf6
37.b6 axb6 38.axb6 Rg7 39.d6 Rff7 40.Rc7 Rxc7 41.dxc7+ Kc8 42.exf5  1-0

[Event "ch-ROU w"]
[Site "Baile Olanesti ROU"]
[Date "2010.02.02"]
[Round "3"]
[White "Lolici,I"]
[Black "Dragomirescu,An"]
[Result "1/2-1/2"]
[WhiteElo "1960"]
[BlackElo "2162"]

1.c4 e5 2.g3 Nf6 3.Bg2 d5 4.cxd5 Nxd5 5.Nc3 Nb6 6.d3 Be7 7.Nf3 Nc6 8.O-O Be6
9.a3 a5 10.Be3 Nd5 11.Nxd5 Bxd5 12.Qc2 O-O 13.Bc5 Re8 14.Bxe7 Rxe7 15.e3 Rd7
16.Rac1 a4 17.d4 exd4 18.Nxd4 Nxd4 19.exd4 Bb3 20.Qc5 c6 21.Rce1 Rxd4 22.Re7 Ra5
23.Rfe1 Be6 24.Qxa5 Qxe7 25.Qa8+ Qd8 26.Qxb7 Rd1 27.Rxd1 Qxd1+ 28.Bf1 h6
29.Qxc6 Bh3 30.Qe8+ Kh7 31.Qe2 Qc1 32.Qd3+ f5 33.Qc4 Qb1 34.Qd3 Qa1 35.Qb5 Qe1
36.Qe2 Qc1 37.Qc4 Qa1 38.Qb5 Qe1 39.Qc4 Qa1 40.Qb5 Kg6 41.Qe8+ Kf6 42.Qd8+ Kf7
43.Qd3 Kg8 44.Qd8+ Kh7 45.Qd3 Bxf1 46.Qxf5+ Kg8 47.Qc8+ Kf7 48.Qd7+ Kf6 49.Qd6+ Kf5
50.Qd5+ Kg6 51.Qe6+ Kh7 52.Qe4+  1/2-1/2

[Event "ch-ROU w"]
[Site "Baile Olanesti ROU"]
[Date "2010.02.02"]
[Round "4"]
[White "Marin,Ir"]
[Black "Cosman,A"]
[Result "1-0"]
[WhiteElo "2144"]
[BlackElo "1468"]

1.c4 e5 2.g3 Nf6 3.Bg2 Nc6 4.Nc3 Bc5 5.a3 a6 6.e3 d6 7.Nge2 O-O 8.O-O Ne7
9.b4 Ba7 10.d4 exd4 11.exd4 h6 12.Bb2 Ng6 13.Qd3 c6 14.Rae1 Be6 15.f4 Re8
16.Kh1 Ne7 17.f5 Bd7 18.d5 cxd5 19.cxd5 Ng4 20.f6 Ng6 21.Ne4 N6e5 22.Bxe5 Nxe5
23.Qb1 Nc4 24.fxg7 Rxe4 25.Qxe4 Nd2 26.Qf4 Nxf1 27.Rxf1 Qe8 28.Qxh6 f5 29.Nf4 Bd4
30.Nh5 Rc8 31.Qh8+ Kf7 32.g8=Q+ Qxg8 33.Qxd4  1-0

[Event "15th HIT Open A"]
[Site "Nova Gorica SLO"]
[Date "2010.02.02"]
[Round "4"]
[White "Cebalo,M"]
[Black "Jovanic,O"]
[Result "1/2-1/2"]
[WhiteElo "2500"]
[BlackElo "2533"]

1.c4 e5 2.g3 c6 3.d4 Bb4+ 4.Bd2 Bxd2+ 5.Qxd2 d6 6.Nc3 Nf6 7.Bg2 O-O 8.Rd1 Qe7
9.Nh3 Bg4 10.f3 Be6 11.b3 exd4 12.Qxd4 d5 13.cxd5 cxd5 14.Nf4 Nc6 15.Qd2 d4
16.Ne4 Nd5 17.Nxd5 Bxd5 18.O-O Rfe8 19.Qf4 Bxe4 20.fxe4 Rad8 21.e5  1/2-1/2